[Event "BL 0910 SV Wattenscheid - Werder Bremen"]
[Site "?"]
[Date "2009.12.13"]
[Round "6.5"]
[White "Nyback, Tomi"]
[Black "Rustemov, Alexander"]
[Result "1/2-1/2"]
[WhiteElo "2615"]
[BlackElo "2532"]
[PlyCount "60"]
[EventDate "2009.??.??"]

1. d4 d5 2. c4 c6 3. Nf3 Nf6 4. e3 g6 5. Be2 Bg7 6. O-O O-O 7. Nc3 a6 8. b3 a5
9. a4 Bg4 10. Ba3 Re8 11. h3 Bxf3 12. Bxf3 Na6 13. cxd5 Nxd5 14. Nxd5 cxd5 15.
Be2 Nb4 16. Bb5 Rf8 17. Qd2 Qd6 18. Rac1 Rfc8 19. Rc3 Bf8 20. Rfc1 Qd8 21. Rxc8
Rxc8 22. Rxc8 Qxc8 23. Bxb4 axb4 24. Qxb4 e6 25. Qd2 Bd6 26. g3 Qc7 27. Kg2 Kg7
28. a5 Qe7 29. Qa2 Ba3 30. a6 bxa6 1/2-1/2

[Event "BL 0910 SV Wattenscheid - Werder Bremen"]
[Site "?"]
[Date "2009.12.13"]
[Round "6.6"]
[White "Appel, Ralf"]
[Black "Hracek, Zbynek"]
[Result "1/2-1/2"]
[WhiteElo "2551"]
[BlackElo "2606"]
[PlyCount "50"]
[EventDate "2009.??.??"]

1. d4 Nf6 2. Nf3 e6 3. c4 b6 4. a3 Ba6 5. Qc2 Bb7 6. Nc3 c5 7. dxc5 bxc5 8. Bg5
Be7 9. O-O-O Nc6 10. e3 h6 11. Bh4 O-O 12. Be2 a6 13. Rhg1 Ne8 14. Bxe7 Nxe7
15. Ne5 d6 16. Bf3 Qc7 17. Bxb7 Qxb7 18. Nf3 Rd8 19. Rd2 Nf6 20. Kb1 d5 21.
Rgd1 Rb8 22. Qa4 Rfc8 23. Rc2 dxc4 24. Qxc4 Ned5 25. Na4 Nb6 1/2-1/2

[Event "BL 0910 SV Wattenscheid - Werder Bremen"]
[Site "?"]
[Date "2009.12.13"]
[Round "6.7"]
[White "Babula, Vlastimil"]
[Black "Handke, Florian"]
[Result "1-0"]
[WhiteElo "2569"]
[BlackElo "2513"]
[PlyCount "115"]
[EventDate "2009.??.??"]

1. d4 d5 2. c4 c6 3. Nc3 Nf6 4. Nf3 dxc4 5. a4 Bf5 6. Ne5 Nbd7 7. Nxc4 Nb6 8.
Ne5 a5 9. f3 Nfd7 10. Nxd7 Nxd7 11. e4 Bg6 12. Be2 Qb6 13. f4 f5 14. e5 e6 15.
Bc4 Bf7 16. Qe2 Qb4 17. Bd2 Nb6 18. b3 Nxc4 19. bxc4 Rd8 20. d5 Bc5 21. Rb1 Qa3
22. d6 O-O 23. Qd3 Ba7 24. Bc1 Qc5 25. Nd1 Qd4 26. Qxd4 Bxd4 27. Be3 c5 28. Kd2
Be8 29. Nc3 Bxc3+ 30. Kxc3 Rf7 31. Bxc5 Bxa4 32. Ra1 Bc6 33. Rxa5 Bxg2 34. Rha1
Rfd7 35. Bb6 Rc8 36. Ra8 Rxa8 37. Rxa8+ Kf7 38. Kb4 g5 39. fxg5 f4 40. h4 Bc6
41. h5 Bf3 42. g6+ Kg7 43. gxh7 Kxh7 44. Rf8 Bxh5 45. Rxf4 Rg7 46. Rf8 Kg6 47.
Bd8 Rd7 48. Bc7 Kg5 49. Kc5 Bg6 50. Rd8 Rg7 51. d7 Be4 52. Kd6 Bc6 53. Ba5 Kg4
54. Bd2 Kg3 55. Bh6 Rg4 56. Ke7 b5 57. cxb5 Bxb5 58. Rf8 1-0

[Event "BL 0910 SV Wattenscheid - Werder Bremen"]
[Site "?"]
[Date "2009.12.13"]
[Round "6.8"]
[White "Dinstuhl, Volkmar Dr"]
[Black "Knaak, Rainer"]
[Result "0-1"]
[WhiteElo "2417"]
[BlackElo "2484"]
[PlyCount "80"]
[EventDate "2009.??.??"]

1. c4 e5 2. Nc3 Nf6 3. Nf3 Nc6 4. g3 Nd4 5. Bg2 Nxf3+ 6. Bxf3 Bb4 7. Qb3 Bc5 8.
d3 c6 9. O-O O-O 10. Bg5 h6 11. Bxf6 Qxf6 12. Ne4 Qe7 13. Nxc5 Qxc5 14. Rad1 d6
15. e3 Re8 16. d4 Qb6 17. dxe5 dxe5 18. Qc3 a5 19. Rd2 Be6 20. Be2 Qb4 21. Qc1
Red8 22. Rfd1 Rxd2 23. Qxd2 g6 24. h4 Kg7 25. a3 Qxd2 26. Rxd2 g5 27. hxg5 hxg5
28. g4 Kf6 29. e4 a4 30. f3 Ke7 31. Kf2 Ra5 32. Rc2 Kd6 33. Ke3 Kc5 34. Rc3 Ra8
35. Bd3 Rh8 36. Bc2 Rh2 37. Bxa4 Rxb2 38. Bb3 Rh2 39. Kd3 Rf2 40. Ke3 Rb2 0-1

[Event "BL 0910 Turm Emsdetten - Hamburger SK"]
[Site "?"]
[Date "2009.12.13"]
[Round "6.1"]
[White "Kempinski, Robert"]
[Black "Mchedlishvili, Mikheil"]
[Result "1/2-1/2"]
[WhiteElo "2616"]
[BlackElo "2613"]
[PlyCount "41"]
[EventDate "2009.??.??"]

1. d4 Nf6 2. Nf3 g6 3. c4 Bg7 4. b4 O-O 5. Bb2 c6 6. e3 a5 7. b5 cxb5 8. cxb5
a4 9. Bd3 d5 10. O-O Bg4 11. Nbd2 Nbd7 12. Ba3 Re8 13. h3 Bf5 14. Bxf5 gxf5 15.
Qc2 e6 16. Rfc1 Qb8 17. Qc7 Rc8 18. Qxb8 Raxb8 19. Bd6 Ra8 20. Ne5 Nxe5 21.
Bxe5 1/2-1/2

[Event "BL 0910 Turm Emsdetten - Hamburger SK"]
[Site "?"]
[Date "2009.12.13"]
[Round "6.2"]
[White "Giri, Anish"]
[Black "Ghaem Maghami, Ehsan"]
[Result "1-0"]
[WhiteElo "2552"]
[BlackElo "2579"]
[PlyCount "73"]
[EventDate "2009.??.??"]

1. d4 Nf6 2. c4 e6 3. Nf3 Bb4+ 4. Bd2 a5 5. g3 d5 6. Bg2 dxc4 7. O-O Nc6 8. Bg5
h6 9. Bxf6 Qxf6 10. e3 e5 11. a3 Bd6 12. d5 Ne7 13. Nfd2 O-O 14. Nc3 Bd7 15.
Nxc4 Nc8 16. f4 Qe7 17. f5 f6 18. Ne4 b5 19. Ncd2 Nb6 20. g4 Rad8 21. Rc1 Kh8
22. Nf3 Be8 23. Nh4 Bf7 24. g5 Nxd5 25. gxh6 Nxe3 26. hxg7+ Kxg7 27. Qf3 Nxf1
28. Qg4+ Kh8 29. Rxf1 Bc5+ 30. Kh1 Rd3 31. Ng6+ Bxg6 32. fxg6 Kg7 33. Nxc5 Qxc5
34. Qh4 Kxg6 35. Be4+ f5 36. Bxd3 e4 37. Qg3+ 1-0

[Event "BL 0910 Turm Emsdetten - Hamburger SK"]
[Site "?"]
[Date "2009.12.13"]
[Round "6.3"]
[White "Rogozenco, Dorian"]
[Black "Hector, Jonny"]
[Result "1/2-1/2"]
[WhiteElo "2541"]
[BlackElo "2568"]
[PlyCount "56"]
[EventDate "2009.??.??"]

1. d4 d5 2. c4 c6 3. Nf3 Nf6 4. Nc3 dxc4 5. a4 Bf5 6. e3 e6 7. Bxc4 Bb4 8. O-O
Nbd7 9. Qe2 Bg4 10. h3 Bxf3 11. Qxf3 O-O 12. Rd1 e5 13. d5 Qe7 14. e4 Nb6 15.
Bb3 cxd5 16. Nxd5 Nfxd5 17. Bxd5 Nxd5 18. Rxd5 Rad8 19. Rxd8 Rxd8 20. Be3 a6
21. Rd1 g6 22. Qe2 Rxd1+ 23. Qxd1 Bc5 24. Bxc5 Qxc5 25. b3 h5 26. h4 b5 27.
axb5 axb5 28. g3 Kf8 1/2-1/2

[Event "BL 0910 Turm Emsdetten - Hamburger SK"]
[Site "?"]
[Date "2009.12.13"]
[Round "6.4"]
[White "Feygin, Michael"]
[Black "Hansen, Sune Berg"]
[Result "1/2-1/2"]
[WhiteElo "2546"]
[BlackElo "2552"]
[PlyCount "68"]
[EventDate "2009.??.??"]

1. e4 e5 2. Nf3 Nc6 3. Bb5 Nf6 4. O-O Nxe4 5. d4 Nd6 6. Bxc6 dxc6 7. dxe5 Nf5
8. Qxd8+ Kxd8 9. Nc3 Ne7 10. Nd4 c5 11. Nde2 Bd7 12. Be3 b6 13. Rad1 Kc8 14.
Rd2 Nc6 15. f4 Be7 16. Nd5 Bd8 17. Rfd1 Be6 18. Rf1 Bd7 19. Ng3 h5 20. Ne4 Bf5
21. Ng3 Bd7 22. Bf2 h4 23. Ne4 Bf5 24. Nec3 g6 25. Re1 Kb7 26. Ne4 a5 27. a3 a4
28. Nec3 Rh5 29. Ne3 Be6 30. Ne4 Nd4 31. c3 Nb3 32. Rdd1 Be7 33. Nd5 Bd8 34.
Ne3 Be7 1/2-1/2

[Event "BL 0910 Turm Emsdetten - Hamburger SK"]
[Site "?"]
[Date "2009.12.13"]
[Round "6.5"]
[White "Ftacnik, Lubomir Dr"]
[Black "Cramling, Pia"]
[Result "0-1"]
[WhiteElo "2532"]
[BlackElo "2535"]
[PlyCount "124"]
[EventDate "2009.??.??"]

1. Nf3 d5 2. d4 Nf6 3. c4 c6 4. e3 Bf5 5. Nc3 e6 6. Nh4 Be4 7. f3 Bg6 8. Qb3
Qc7 9. Bd2 Be7 10. Nxg6 hxg6 11. O-O-O dxc4 12. Bxc4 a6 13. Be2 Nbd7 14. f4 b5
15. Bf3 Rc8 16. Kb1 c5 17. dxc5 Nxc5 18. Qc2 O-O 19. Be1 Qb8 20. Ne2 Na4 21.
Qb3 Rc4 22. Rd4 Rfc8 23. Rxc4 Rxc4 24. Bc3 Nxc3+ 25. Nxc3 Qb6 26. e4 Bb4 27.
Be2 Nxe4 28. Nxe4 Rxe4 29. Qf3 Re3 30. Qa8+ Kh7 31. Bf3 Qd4 32. Qxa6 Qd3+ 33.
Ka1 Be1 34. a4 Qc2 35. axb5 Rb3 36. Qa2 Rxb2 37. Qxb2 Bc3 38. Qxc3 Qxc3+ 39.
Kb1 Qb4+ 40. Kc2 Qxb5 41. Kd2 g5 42. fxg5 Qxg5+ 43. Ke2 Qe5+ 44. Kf2 Qd4+ 45.
Ke2 f5 46. Re1 g5 47. Kf1 Qc4+ 48. Be2 Qf4+ 49. Kg1 Qd4+ 50. Kf1 Qf4+ 51. Kg1
Kg7 52. Bf3 e5 53. Rf1 Qd4+ 54. Rf2 g4 55. Be2 Kg6 56. g3 Kg5 57. Kf1 Qa1+ 58.
Kg2 Qe1 59. Ba6 Qe4+ 60. Kg1 f4 61. gxf4+ exf4 62. Be2 Kh4 0-1

[Event "BL 0910 Turm Emsdetten - Hamburger SK"]
[Site "?"]
[Date "2009.12.13"]
[Round "6.6"]
[White "Bellon Lopez, Juan Manuel"]
[Black "Mueller, Karsten Dr"]
[Result "1/2-1/2"]
[WhiteElo "2430"]
[BlackElo "2523"]
[PlyCount "70"]
[EventDate "2009.??.??"]

1. d4 c5 2. e3 cxd4 3. exd4 d5 4. Nf3 Nc6 5. c3 Nf6 6. Bd3 Bg4 7. h3 Bh5 8. Bf4
e6 9. Nbd2 Bd6 10. Bxd6 Qxd6 11. Qe2 O-O 12. g4 Bg6 13. Bxg6 fxg6 14. Ne5 Nd7
15. Nxd7 Qxd7 16. O-O-O Rae8 17. Nf3 Qd6 18. Rd3 b5 19. Kb1 Na5 20. Ne5 Nc4 21.
Nxc4 bxc4 22. Re3 Rf6 23. Re5 h6 24. h4 Qf8 25. Rf1 Qf7 26. a4 Qd7 27. f4 Qxa4
28. f5 gxf5 29. gxf5 Ref8 30. Rxe6 Rxf5 31. Rxf5 Rxf5 32. Rxh6 gxh6 33. Qg4+
Kh8 34. Qxf5 Qd1+ 35. Ka2 Qa4+ 1/2-1/2

[Event "BL 0910 Turm Emsdetten - Hamburger SK"]
[Site "?"]
[Date "2009.12.13"]
[Round "6.8"]
[White "Richter, Christian"]
[Black "Sebastian, Dirk"]
[Result "1/2-1/2"]
[WhiteElo "2412"]
[BlackElo "2443"]
[PlyCount "48"]
[EventDate "2009.??.??"]

1. d4 g6 2. g3 Bg7 3. Nf3 d6 4. Bg2 Nd7 5. d5 e5 6. dxe6 fxe6 7. c4 Ngf6 8. Nc3
O-O 9. Be3 a6 10. h3 Qe7 11. O-O Rd8 12. Qc2 Nf8 13. Rfd1 Bd7 14. Ng5 Bc6 15.
Nge4 N8d7 16. Rac1 Ne5 17. b3 Nxe4 18. Nxe4 Nf7 19. Bd4 Bxd4 20. Rxd4 Ng5 21.
h4 Nxe4 22. Bxe4 Qf6 23. Qd2 Rf8 24. Qe3 e5 1/2-1/2

[Event "BL 0910 SF Katernberg - SK König Tegel"]
[Site "Berlin"]
[Date "2009.12.13"]
[Round "6.6"]
[White "Thesing, Matthias"]
[Black "Sarbok, Torsten"]
[Result "1-0"]
[WhiteElo "2419"]
[BlackElo "2319"]
[PlyCount "53"]
[EventDate "2009.??.??"]

1. e4 c6 2. d4 d5 3. exd5 cxd5 4. c4 e6 5. Nc3 Nf6 6. Nf3 Be7 7. cxd5 Nxd5 8.
Bd3 Nc6 9. O-O Bf6 10. Be4 O-O 11. Qb3 Nxd4 12. Nxd4 Bxd4 13. Nxd5 exd5 14.
Bxd5 Qf6 15. Be3 Bxb2 16. Rad1 Bg4 17. Rb1 Bd4 18. Qc4 Bxe3 19. fxe3 Qg5 20.
Rxb7 Kh8 21. Rbxf7 Rxf7 22. Rxf7 Qxe3+ 23. Kh1 Rd8 24. h3 Be2 25. Qc7 Re8 26.
Rxg7 Bd3 27. Rg8+ 1-0

[Event "BL 0910 SC Eppingen - SG Turm Trier"]
[Site "?"]
[Date "2009.10.16"]
[Round "7.1"]
[White "Lupulescu, Constantin"]
[Black "Postny, Evgeny"]
[Result "1/2-1/2"]
[WhiteElo "2599"]
[BlackElo "2651"]
[PlyCount "41"]
[EventDate "2009.??.??"]

1. e4 e5 2. Nf3 Nc6 3. Bc4 Nf6 4. d4 exd4 5. e5 Ne4 6. Qe2 Nc5 7. O-O Be7 8.
Rd1 d5 9. exd6 Qxd6 10. Nc3 Bg4 11. Nb5 Qd7 12. Be3 Bxf3 13. Qxf3 Ne5 14. Qe2
Nxc4 15. Qxc4 Ne6 16. Nxd4 O-O-O 17. Rd2 Qd5 18. Qxd5 Rxd5 19. Nxe6 fxe6 20.
Rad1 Rhd8 21. Kf1 1/2-1/2

[Event "BL 0910 SC Eppingen - SG Turm Trier"]
[Site "?"]
[Date "2009.10.16"]
[Round "7.2"]
[White "Balogh, Csaba"]
[Black "Bobras, Piotr"]
[Result "1-0"]
[WhiteElo "2620"]
[BlackElo "2537"]
[PlyCount "91"]
[EventDate "2009.??.??"]

1. e4 c5 2. Nf3 Nc6 3. Bb5 d6 4. O-O Bd7 5. c3 Nf6 6. Re1 a6 7. Ba4 c4 8. Bc2
e5 9. b3 cxb3 10. axb3 Be7 11. d4 exd4 12. Nxd4 O-O 13. Ba3 Re8 14. Nd2 d5 15.
Bxe7 Rxe7 16. Nxc6 Bxc6 17. e5 Ne4 18. Nxe4 dxe4 19. Bxe4 Bxe4 20. Rxe4 Qb6 21.
Qc2 Rae8 22. Rae1 Qc7 23. f4 Rd7 24. R4e3 Qb6 25. b4 Red8 26. h3 Rd2 27. Qe4
Rb2 28. Kh2 Rdd2 29. R1e2 Rxe2 30. Rxe2 Rxe2 31. Qxe2 g6 32. Kg3 Qc6 33. Qd3 b6
34. c4 a5 35. Qd8+ Kg7 36. Qf6+ Qxf6 37. exf6+ Kxf6 38. c5 b5 39. bxa5 b4 40.
c6 b3 41. c7 b2 42. c8=Q b1=Q 43. Qc3+ Ke6 44. Qc6+ Ke7 45. a6 Qg1 46. Qc7+ 1-0

[Event "BL 0910 SC Eppingen - SG Turm Trier"]
[Site "?"]
[Date "2009.10.16"]
[Round "7.3"]
[White "Cyborowski, Lukasz"]
[Black "Gyimesi, Zoltan"]
[Result "1/2-1/2"]
[WhiteElo "2503"]
[BlackElo "2594"]
[PlyCount "49"]
[EventDate "2009.??.??"]

1. Nf3 Nf6 2. c4 e6 3. Nc3 d5 4. d4 dxc4 5. e3 a6 6. a4 c5 7. Bxc4 Nc6 8. O-O
Be7 9. Qe2 Qc7 10. h3 O-O 11. d5 exd5 12. Nxd5 Nxd5 13. Bxd5 Bf6 14. e4 Re8 15.
Bg5 Nd4 16. Nxd4 Bxd4 17. Be3 Be6 18. Bxe6 Rxe6 19. Bxd4 cxd4 20. Qd3 Rae8 21.
Rfe1 Qc6 22. Qxd4 Rxe4 23. Rxe4 Rxe4 24. Qd8+ Re8 25. Qd3 1/2-1/2

[Event "BL 0910 SC Eppingen - SG Turm Trier"]
[Site "?"]
[Date "2009.10.16"]
[Round "7.4"]
[White "Ruck, Robert"]
[Black "Gordon, Stephen"]
[Result "1-0"]
[WhiteElo "2548"]
[BlackElo "2535"]
[PlyCount "91"]
[EventDate "2009.??.??"]

1. Nf3 d5 2. d4 Nf6 3. c4 e6 4. g3 Bb4+ 5. Bd2 Be7 6. Bg2 O-O 7. O-O c6 8. Qc2
b6 9. Rd1 Ba6 10. b3 Nbd7 11. a4 Rc8 12. a5 c5 13. axb6 Qxb6 14. Qa2 Bb7 15. b4
cxb4 16. c5 Nxc5 17. dxc5 Bxc5 18. e3 Ne4 19. Be1 Ra8 20. Ne5 Nf6 21. Nd3 a5
22. Nxc5 Qxc5 23. Qb2 Rfc8 24. Nd2 a4 25. Nb1 b3 26. Bc3 Ne8 27. Rd4 Bc6 28.
Rg4 g6 29. Na3 Bd7 30. Bd4 Qe7 31. Rh4 f5 32. Be5 Nd6 33. Qd2 Nf7 34. Bb2 Bc6
35. Rd4 e5 36. Rd3 Ng5 37. Rc1 Bb7 38. Rdc3 Rxc3 39. Qxc3 Rc8 40. Qa5 Rxc1+ 41.
Bxc1 Qd7 42. Bb2 Nf7 43. Qa7 h5 44. Qb8+ Kh7 45. f4 exf4 46. Qf8 1-0

[Event "BL 0910 SC Eppingen - SG Turm Trier"]
[Site "?"]
[Date "2009.10.16"]
[Round "7.5"]
[White "Jaracz, Pawel"]
[Black "Bindrich, Falko"]
[Result "1/2-1/2"]
[WhiteElo "2547"]
[BlackElo "2516"]
[PlyCount "76"]
[EventDate "2009.??.??"]

1. Nf3 d5 2. c4 c6 3. e3 Nf6 4. d4 Bf5 5. Nc3 e6 6. Nh4 Bg6 7. Be2 Nbd7 8. O-O
dxc4 9. Nxg6 hxg6 10. Bxc4 Bd6 11. g3 Nb6 12. Be2 e5 13. Bf3 Qe7 14. a4 Qe6 15.
Bg2 a5 16. dxe5 Bxe5 17. Ne2 O-O 18. Nd4 Qe7 19. Bd2 Rfd8 20. Qb3 Nbd5 21. Rfe1
Rd7 22. Rad1 Nb4 23. Bc3 Rad8 24. Bh3 Rd6 25. Bxb4 axb4 26. Qxb4 Ne4 27. Nf3 c5
28. Qb3 Rxd1 29. Rxd1 Rxd1+ 30. Qxd1 Bxb2 31. Qd5 Bf6 32. Bc8 b6 33. Ba6 Nc3
34. Qc6 Qe4 35. Qc8+ Kh7 36. Qh3+ Kg8 37. Qc8+ Kh7 38. Qh3+ Kg8 1/2-1/2

[Event "BL 0910 SC Eppingen - SG Turm Trier"]
[Site "?"]
[Date "2009.10.16"]
[Round "7.6"]
[White "Medvegy, Zoltan"]
[Black "Erdoes, Viktor"]
[Result "1/2-1/2"]
[WhiteElo "2556"]
[BlackElo "2591"]
[PlyCount "76"]
[EventDate "2009.??.??"]

1. d4 d5 2. c4 dxc4 3. Nf3 a6 4. e3 b5 5. a4 Bb7 6. b3 e6 7. axb5 axb5 8. Rxa8
Bxa8 9. bxc4 bxc4 10. Bxc4 Nf6 11. O-O Be7 12. Qa4+ Nbd7 13. Ne5 O-O 14. Nc6
Bxc6 15. Qxc6 Nb8 16. Qb5 c6 17. Qb3 c5 18. dxc5 Bxc5 19. Bb2 Nbd7 20. Nd2 Qb8
21. h3 Bd6 22. Rd1 Ne5 23. Be2 Ng6 24. Qxb8 Rxb8 25. Nc4 Bc7 26. Ra1 Ne8 27.
Ra7 Ne7 28. Ra6 Nf5 29. g3 Nfd6 30. Nxd6 Bxd6 31. Bd4 g6 32. Kg2 h5 33. g4 hxg4
34. hxg4 Be7 35. Bf3 Bf6 36. Bb6 Be5 37. Bc6 Nc7 38. Bxc7 Bxc7 1/2-1/2

[Event "BL 0910 SC Eppingen - SG Turm Trier"]
[Site "?"]
[Date "2009.10.16"]
[Round "7.7"]
[White "Galyas, Miklos"]
[Black "Guliyev, Namig"]
[Result "1/2-1/2"]
[WhiteElo "2464"]
[BlackElo "2525"]
[PlyCount "46"]
[EventDate "2009.??.??"]

1. d4 d5 2. c4 dxc4 3. e3 Nf6 4. Bxc4 e6 5. Nf3 a6 6. Qe2 c5 7. dxc5 Bxc5 8.
O-O Nc6 9. e4 b5 10. Bb3 Nd4 11. Nxd4 Qxd4 12. Be3 Qe5 13. Bxc5 Qxc5 14. Nc3
Bb7 15. e5 Nd7 16. Rfe1 O-O 17. Rad1 Qc7 18. Bc2 Rfd8 19. Rd4 Nf8 20. Rh4 g6
21. Be4 Bxe4 22. Rxe4 Rd7 23. a4 Rb8 1/2-1/2

[Event "BL 0910 SC Eppingen - SG Turm Trier"]
[Site "?"]
[Date "2009.10.16"]
[Round "7.8"]
[White "Paehtz, Elisabeth"]
[Black "Cioara, Andrei Nestor"]
[Result "1-0"]
[WhiteElo "2482"]
[BlackElo "2415"]
[PlyCount "91"]
[EventDate "2009.??.??"]

1. e4 e6 2. d4 d5 3. Nc3 Bb4 4. e5 c5 5. a3 Bxc3+ 6. bxc3 Ne7 7. Nf3 b6 8. Bb5+
Bd7 9. Bd3 Ba4 10. h4 h6 11. h5 Nd7 12. Rh4 a6 13. Rg4 c4 14. Bf1 Nf5 15. g3
Qe7 16. Rf4 O-O-O 17. g4 Nh4 18. Nxh4 Qxh4 19. Rxf7 Rdf8 20. Rxf8+ Rxf8 21. Be3
Qh1 22. Kd2 Qe4 23. Be2 Nb8 24. Rc1 Nc6 25. f3 Qh7 26. Qh1 Kc7 27. f4 Ne7 28.
Qh4 Kd7 29. Qh3 Kc7 30. Qf3 Kb8 31. Bf2 Nc6 32. Bh4 Kb7 33. Bf1 Na5 34. f5 exf5
35. Qxd5+ Bc6 36. Qd6 Qg8 37. e6 Be4 38. Qd7+ Ka8 39. e7 Re8 40. gxf5 Qf7 41.
Qd8+ Kb7 42. Rb1 b5 43. Re1 Bc6 44. Bg3 Qxf5 45. Qc7+ Ka8 46. Qxa5 1-0

[Event "BL 0910 SV Wattenscheid - Turm Emsdette"]
[Site "?"]
[Date "2009.10.16"]
[Round "7.1"]
[White "Spoelman, Wouter"]
[Black "Najer, Evgeniy"]
[Result "1/2-1/2"]
[WhiteElo "2554"]
[BlackElo "2681"]
[PlyCount "205"]
[EventDate "2009.??.??"]

1. e4 c5 2. Nf3 d6 3. d4 cxd4 4. Nxd4 Nf6 5. Nc3 a6 6. Be3 e5 7. Nb3 Be6 8. Qd2
Nbd7 9. O-O-O b5 10. f4 Be7 11. f5 Bc4 12. Kb1 O-O 13. g4 Nxg4 14. Rg1 Nxe3 15.
Qxe3 Bxb3 16. Qh6 Bf6 17. axb3 Kh8 18. Qh5 Be7 19. Nd5 Nf6 20. Nxf6 Bxf6 21.
Rd3 h6 22. Rg2 Ra7 23. c4 Qe7 24. Rd5 bxc4 25. Bxc4 a5 26. Qd1 Rc8 27. Rxd6 a4
28. Rgd2 axb3 29. Qxb3 Kh7 30. R6d3 Bg5 31. Rd1 Qc7 32. Rc3 Rb8 33. Bxf7 Qxf7
34. Qxb8 Qa2+ 35. Kc2 Qa4+ 36. Qb3 Qxe4+ 37. Rcd3 Qxf5 38. Kb1 e4 39. Rd5 Qe6
40. Rb5 Qg6 41. Rb6 Qf5 42. Qc2 Re7 43. Rb4 g6 44. Re1 e3 45. h4 Bf6 46. Qxf5
gxf5 47. Kc2 Rc7+ 48. Kd3 f4 49. Rxf4 Bxb2 50. Rff1 Rc3+ 51. Ke2 Rc4 52. h5 Rc5
53. Rh1 Bg7 54. Kxe3 Ra5 55. Rd1 Ra7 56. Rd5 Re7+ 57. Kd3 Ra7 58. Rb1 Ra3+ 59.
Ke4 Ra7 60. Rdb5 Re7+ 61. Kf3 Rf7+ 62. Kg3 Rc7 63. R1b3 Rc1 64. Rb7 Rc5 65.
R7b5 Rc1 66. R3b4 Rc3+ 67. Kh4 Bf6+ 68. Kg4 Bg7 69. Rb7 Rc1 70. Kg3 Rc3+ 71.
Kh4 Kh8 72. R4b6 Rc4+ 73. Kg3 Rc1 74. Rg6 Rf1 75. Kg2 Rf4 76. Rg3 Rf5 77. Rg6
Rf4 78. Rb3 Rf7 79. Rgb6 Rf5 80. R3b5 Rf4 81. Rb4 Rf5 82. R6b5 Rf7 83. Rb7 Rf6
84. Re4 Rf5 85. Ree7 Rg5+ 86. Kf3 Rf5+ 87. Ke4 Rg5 88. Kf4 Ra5 89. Ra7 Rb5 90.
Reb7 Rc5 91. Re7 Rb5 92. Ra8+ Kh7 93. Ra3 Kh8 94. Rg3 Rc5 95. Ke4 Rb5 96. Rd7
Re5+ 97. Kf4 Rc5 98. Rg1 Rb5 99. Rd8+ Kh7 100. Rg2 Rb4+ 101. Kg3 Rb3+ 102. Kf4
Rb7 103. Ke4 1/2-1/2

[Event "BL 0910 SV Wattenscheid - Turm Emsdette"]
[Site "?"]
[Date "2009.10.16"]
[Round "7.4"]
[White "Czarnota, Pawel"]
[Black "Janssen, Ruud"]
[Result "1/2-1/2"]
[WhiteElo "2537"]
[BlackElo "2520"]
[PlyCount "67"]
[EventDate "2009.??.??"]

1. e4 e5 2. Nf3 Nc6 3. Bb5 a6 4. Ba4 Nf6 5. O-O Be7 6. Re1 b5 7. Bb3 d6 8. a4
b4 9. d4 Nxd4 10. Nxd4 exd4 11. Qxd4 O-O 12. Nd2 a5 13. Nc4 Bb7 14. e5 Ne8 15.
exd6 Bf6 16. Qd3 Nxd6 17. Bf4 Ba6 18. Bxd6 cxd6 19. Rad1 Bxb2 20. Qxd6 Bxc4 21.
Bxc4 Qxd6 22. Rxd6 Rac8 23. Bb3 Rfd8 24. Red1 Bf6 25. g3 Kf8 26. R1d5 Rxd6 27.
Rxd6 Ke8 28. Ra6 Rc5 29. Ra7 Be7 30. Kg2 h5 31. h4 g6 32. f4 f6 33. Kf3 g5 34.
hxg5 1/2-1/2

[Event "BL 0910 SV Wattenscheid - Turm Emsdette"]
[Site "?"]
[Date "2009.10.16"]
[Round "7.5"]
[White "Brandenburg, Daan"]
[Black "Rustemov, Alexander"]
[Result "0-1"]
[WhiteElo "2480"]
[BlackElo "2532"]
[PlyCount "94"]
[EventDate "2009.??.??"]

1. e4 e6 2. d4 d5 3. Nd2 dxe4 4. Nxe4 Bd7 5. Nf3 Bc6 6. Bd3 Nd7 7. O-O Ngf6 8.
Ned2 Be7 9. b3 O-O 10. Bb2 b5 11. a3 Rb8 12. Re1 a5 13. Qe2 Bxf3 14. Nxf3 c6
15. Ng5 Qc7 16. d5 cxd5 17. Nxh7 Nxh7 18. Bxh7+ Kxh7 19. Qh5+ Kg8 20. Bxg7 Kxg7
21. Qg4+ Kh6 22. Re3 Bg5 23. Rh3+ Kg6 24. f4 Qxf4 25. Qh5+ Kg7 26. Qh7+ Kf6 27.
Rf1 Qxf1+ 28. Kxf1 Ne5 29. Qh5 Rh8 30. Qe2 Rxh3 31. gxh3 Bf4 32. Qe1 b4 33.
Qh4+ Bg5 34. Qf2+ Kg6 35. h4 Bf6 36. h5+ Kg7 37. axb4 axb4 38. Qf4 Rh8 39. Qg3+
Kf8 40. Qf4 Rxh5 41. Qxb4+ Kg7 42. Qc5 Nf3 43. Kg2 Bd4 44. Qc6 Rf5 45. h4 Nxh4+
46. Kh3 Nf3 47. Kg2 Ne1+ 0-1

[Event "BL 0910 SV Wattenscheid - Turm Emsdette"]
[Site "?"]
[Date "2009.10.16"]
[Round "7.6"]
[White "Appel, Ralf"]
[Black "Fiebig, Thomas"]
[Result "1/2-1/2"]
[WhiteElo "2551"]
[BlackElo "2416"]
[PlyCount "123"]
[EventDate "2009.??.??"]

1. Nf3 d5 2. c4 c6 3. b3 Nf6 4. Bb2 Nbd7 5. e3 e6 6. Nc3 Bd6 7. Qc2 O-O 8. Be2
Qe7 9. O-O b6 10. cxd5 cxd5 11. Nb5 Ba6 12. Rac1 Rac8 13. Qb1 Bxb5 14. Bxb5 Nb8
15. Rc2 Qb7 16. Rfc1 Rc5 17. Bd3 Nbd7 18. Nd4 Rfc8 19. f4 Bf8 20. Nf3 R8c7 21.
f5 exf5 22. Bxf5 Qa6 23. Bd4 Rxc2 24. Rxc2 Qc8 25. Bxf6 Rxc2 26. Bxh7+ Kxh7 27.
Bc3 g6 28. Qxc2 Bg7 29. Qd3 Bxc3 30. dxc3 Nf6 31. h3 Qc5 32. Ng5+ Kg8 33. Qd4
Qe7 34. Kf1 Nh5 35. Nf3 Ng3+ 36. Kf2 Ne4+ 37. Kg1 Qa3 38. Qxd5 Qc1+ 39. Kh2
Qxe3 40. Qe5 a5 41. Ng5 Qxg5 42. Qxe4 f5 43. Qe6+ Kh7 44. Qd7+ Kg8 45. Qd4 f4
46. c4 Qg3+ 47. Kh1 Qe1+ 48. Qg1 Qe6 49. Qf2 g5 50. Qd2 Qf6 51. c5 bxc5 52.
Qxa5 g4 53. hxg4 Qa1+ 54. Kh2 Qh8+ 55. Kg1 Qd4+ 56. Kf1 Qd3+ 57. Ke1 Qg3+ 58.
Kd1 Qxg4+ 59. Kc1 Qxg2 60. Qd8+ Kf7 61. Qc7+ Ke6 62. Qxf4 1/2-1/2

[Event "BL 0910 SV Wattenscheid - Turm Emsdette"]
[Site "?"]
[Date "2009.10.16"]
[Round "7.8"]
[White "Souleidis, Georgios"]
[Black "Zumsande, Martin"]
[Result "1/2-1/2"]
[WhiteElo "2429"]
[BlackElo "2413"]
[PlyCount "83"]
[EventDate "2009.??.??"]

1. e4 e6 2. d4 d5 3. Nc3 Nf6 4. e5 Nfd7 5. f4 c5 6. Nf3 Nc6 7. Be3 a6 8. Qd2 b5
9. Be2 Qb6 10. Nd1 cxd4 11. Nxd4 Bc5 12. c3 Bb7 13. b4 Bxd4 14. cxd4 a5 15.
bxa5 Rxa5 16. O-O O-O 17. Rb1 Rfa8 18. Rb2 b4 19. f5 exf5 20. Rxf5 Nf8 21. Rf2
Bc8 22. Bh5 Ng6 23. Qe1 Ra3 24. Kh1 Be6 25. h3 Qd8 26. Rfc2 Qd7 27. Bf3 Bf5 28.
Rc5 Nge7 29. Qf2 h6 30. Kh2 R8a4 31. Bc1 Be4 32. Bxe4 dxe4 33. Re2 Nxd4 34.
Rxe4 Ne6 35. Bxa3 Nxc5 36. Qxc5 Rxa3 37. Rxb4 Rxa2 38. Rd4 Qc6 39. Qxc6 Nxc6
40. Re4 Nd8 41. Nc3 Ra5 42. Ne2 1/2-1/2

[Event "BL 0910 Werder Bremen - Hamburger SK"]
[Site "?"]
[Date "2009.11.13"]
[Round "7.1"]
[White "Wojtaszek, Radoslav"]
[Black "Eljanov, Pavel"]
[Result "1/2-1/2"]
[WhiteElo "2640"]
[BlackElo "2717"]
[PlyCount "95"]
[EventDate "2009.??.??"]

1. d4 d5 2. c4 c6 3. Nf3 Nf6 4. Nc3 dxc4 5. a4 e6 6. e4 Bb4 7. Bg5 Bxc3+ 8.
bxc3 Qa5 9. e5 Ne4 10. Rc1 Nd7 11. Nd2 Nxd2 12. Bxd2 Nb6 13. Qg4 Bd7 14. Qxg7
O-O-O 15. Qxf7 Rdf8 16. Qe7 Qd5 17. f3 Nxa4 18. Be2 c5 19. Be3 Bc6 20. O-O h5
21. Qd6 a6 22. dxc5 Nb2 23. Qxd5 Bxd5 24. Bg5 Rh7 25. Bf6 Nd3 26. Bxd3 cxd3 27.
c4 Bc6 28. Rfd1 Rd7 29. Rd2 Ba4 30. Rb1 Rd4 31. Rb6 Bc6 32. Rb3 Rxc4 33. Rbxd3
a5 34. Kf2 a4 35. h3 Bd5 36. g4 hxg4 37. fxg4 Rxc5 38. g5 b5 39. g6 b4 40. h4
a3 41. g7 Rg8 42. h5 Rc1 43. Rxd5 exd5 44. Kg3 Rg1+ 45. Rg2 Rh1 46. Rh2 Rg1+
47. Rg2 Rh1 48. Rh2 1/2-1/2

[Event "BL 0910 Werder Bremen - Hamburger SK"]
[Site "?"]
[Date "2009.11.13"]
[Round "7.3"]
[White "Rogozenco, Dorian"]
[Black "Areshchenko, Alexander"]
[Result "1/2-1/2"]
[WhiteElo "2541"]
[BlackElo "2667"]
[PlyCount "53"]
[EventDate "2009.??.??"]

1. d4 Nf6 2. c4 g6 3. g3 d5 4. cxd5 Nxd5 5. Bg2 Bg7 6. Nf3 Nb6 7. O-O Nc6 8. e3
O-O 9. Nc3 Re8 10. Re1 a5 11. Qe2 e5 12. Nxe5 Nxe5 13. dxe5 Bxe5 14. e4 Be6 15.
f4 Bg7 16. Be3 Qe7 17. e5 Rab8 18. Ne4 Red8 19. Bc5 Qd7 20. Rad1 Qe8 21. Nd6
cxd6 22. Bxb6 dxe5 23. Bxd8 Rxd8 24. Rxd8 Qxd8 25. fxe5 Bxa2 26. Kh1 Qb6 27.
Rd1 1/2-1/2